• 首页
  • 本馆介绍
  • 公告通知
  • 最新文献
  • 馆藏检索
  • 电子资源
  • 读者导购
  • 参考咨询
  • 我的图书馆
  • 登录
  • 详细信息显示
  • 放入我的书架
  • 预约/预借图书
  • 作者相关作品
  • 分类相关作品
  • 丛书相关作品
  • 出版社相关作品

书目信息

  • 表格格式
  • 工作单格式
  • 卡片格式
题名:
会计信息系统
    
 
作者: Bodnar , Hopwood 著 ;卢俊 译
分册:  
出版信息: 北京   清华大学出版社  2003
页数: 18,432页
开本: 26cm
丛书名: 工商管理优秀教材译丛
单 册:
中图分类: F232
科图分类:
主题词: 商用计算机--信息系统--高等学校--教材 , 商用计算机 , 信息系统
电子资源:
ISBN: 7-302-06214-5
000 01117oam2 2200313 450
001 002356852
005 20061020150622.15
010    @a7-302-06214-5@dCNY48.00
100    @a20030512d2003 em y0chiy0110 ea
101 1  @achi@ceng
102    @aCN@b110000
105    @ay z 000yy
200 1  @a会计信息系统@9kuai ji xin xi xi tong@f(美)George H·Bodnar,(美)William S·Hopwood著@F(mei)George H·Bodnar,(mei)William S·Hopwood zhu@g卢俊译
210    @a北京@c清华大学出版社@d2003
215    @a18,432页@d26cm
225 2  @a工商管理优秀教材译丛@i会计学系列
305    @aPearson Education出版公司授权出版 据原文第8版译出
330    @a本书共分四章,分别介绍了会计信息系统的基本概念,业务流程,系统开发和会计信息系统专题。本书的核心内容是对业务流程和内部控制的讲述。
462  0 @12001 @a会计学系列
510 1  @aAccunting Information Systems@zeng
606 0  @a商用计算机@x信息系统@x高等学校@j教材
606 0  @a商用计算机
606 0  @a信息系统
690    @aF232@v4
701  0 @aBodnar@4著
701  0 @aHopwood@4著
702  0 @a卢俊@9lu jun@4译
801  0 @aCN@bNLC@c20061020
905    @a10447@dF232@e216
    
    会计信息系统/(美)George H·Bodnar,(美)William S·Hopwood著/卢俊译.-北京:清华大学出版社,2003
    18,432页;26cm.-(工商管理优秀教材译丛.会计学系列)
    
    
    ISBN 7-302-06214-5:CNY48.00
    本书共分四章,分别介绍了会计信息系统的基本概念,业务流程,系统开发和会计信息系统专题。本书的核心内容是对业务流程和内部控制的讲述。
●
相关链接 在E读中查询图书 在五车中查询图书 在当当中查询图书 在豆瓣中查询图书


正题名:会计信息系统     索取号:F232/216         预约/预借

序号 登录号 条形码 馆藏地/架位号 状态 备注
1 0504144   205041444   密集书库/ [索取号:F232/216] 在馆    
唐山师范学院图书馆 欢迎您!
大连网信软件有限公司© 版权所有